Drużyny Bundesligi w piłce nożnej na sezon 2022/23. - Statystyki

Ogólne statystyki
  • Ten quiz został rozwiązany 269 razy
  • Średni wynik to 11 z 18
Statystyki odpowiedzi
Klub % Poprawnych
3 Bayern Monachium
99%
5 Borussia Dortmund
95%
2 Bayer Leverkusen
72%
16 Union Berlin
72%
12 RB Lipsk
71%
14 FC Schalke 04
60%
18 VfL Wolfsburg
60%
7 Eintracht Frankfurt
59%
9 Hertha BSC
55%
1 FC Augsburg
52%
13 1. FSV Mainz 05
51%
11 1. FC Köln
50%
4 VfL Bochum
50%
6 Borussia Mönchengladbach
49%
8 SC Freiburg
48%
17 Werder Brema
46%
15 VfB Stuttgart
42%
10 TSG Hoffenheim
36%
Nie znaleziono quizów pasujących do podanych kryteriów
Rozkład punktacji
Procent ludzi z każdym wynikiem
Percentyl według liczby udzielonych odpowiedzi
Twoja historia wyników
Nie rozwiązałeś tego quizu